[Event "Minsk"]
[Site "Minsk"]
[Date "1994.??.??"]
[Round "3"]
[White "Aleksandrov, Aleksej"]
[Black "Ryskin, Alexander"]
[Result "0-1"]
[WhiteElo "2535"]
[BlackElo "2500"]

1.d4 Nf6 2.Bg5 d5 3.Bxf6 exf6 4.e3 c6 5.Nd2 Bd6 6.Bd3 f5 7.Ne2 Be6 8.O-O Nd7
9.c4 Nf6 10.c5 Bc7 11.b4 Ne4 12.b5 O-O 13.Rb1 Re8 14.Rb2 Bc8 15.bxc6 bxc6
16.Qa4 Re6 17.g3 Rh6 18.Ba6 Nxd2 19.Rxd2 Ba5 20.Bxc8 Bxd2 21.Bb7 Rb8 22.Bxc6 Qe7
23.Bxd5 Bxe3 24.Qc4 Bg5 25.Bg2 f4 26.gxf4 Qc7 27.d5 Be7 28.Rc1 Rc8 29.c6 Bd6
30.Rb1 Rb8 31.Rb3 Rf6 32.Qe4 Rf8 33.h3 Qa5 34.Qe3 Qxa2 35.Rb7 a5 36.Ra7 Qa1+
37.Bf1 Rg6+ 38.Ng3 Qf6 39.Rxa5 h5 40.Kh1 Bxf4 41.Qf3 Bxg3 42.Qxf6 Rxf6 43.fxg3 Rxf1+
44.Kg2 Rc1 45.Ra7 Rc8 46.Kf3 Kf8 47.Ke4 Rd8 48.Rb7 Ke8 49.Kd4 Rxc6  0-1

[Event "Mislata op 3th"]
[Site "Mislata"]
[Date "1994.??.??"]
[Round "9"]
[White "Arbouche, Muhamed"]
[Black "Mompo Ballester, Vicente"]
[Result "1-0"]
[WhiteElo "2260"]
[BlackElo "2260"]

1.d4 Nf6 2.Bg5 g6 3.Bxf6 exf6 4.e3 Bg7 5.Bd3 d5 6.Qf3 c6 7.Nc3 Be6 8.Nge2 Nd7
9.Nf4 f5 10.h4 h5 11.Nxe6 fxe6 12.Qg3 Kf7 13.Ne2 e5 14.c3 Qb8 15.O-O-O Bh6
16.Qh3 e4 17.Bc2 Nf6 18.f3 Bxe3+ 19.Kb1 Bh6 20.Rhf1 Kg7 21.fxe4 dxe4 22.c4 Qd6
23.Qc3 Kh7 24.Ng3 Rhf8 25.d5 cxd5 26.Nxf5 gxf5 27.Rxf5 Rac8 28.Rfxd5 Nxd5
29.Bxe4+ Kg8 30.Bxd5+ Qxd5 31.Qg3+ Bg7 32.cxd5 Rc4 33.d6 Rb4 34.b3 Rg4 35.Qd3 Rd4  1-0

[Event "Mlada Boleslav op"]
[Site "Mlada Boleslav"]
[Date "1994.??.??"]
[Round "1"]
[White "Hladik, Lumir"]
[Black "Daniliuk, Sergey"]
[Result "0-1"]
[WhiteElo "2175"]
[BlackElo "2440"]

1.d4 Nf6 2.Bg5 g6 3.Nf3 Bg7 4.c4 Ne4 5.Bf4 c5 6.Qc2 Qa5+ 7.Nbd2 Nxd2 8.Bxd2 Qb6
9.e3 Nc6 10.O-O-O cxd4 11.c5 Qc7 12.Bc4 dxe3 13.Bxe3 b5 14.Bd5 O-O 15.Qd2 Bb7
16.Bf4 Qa5 17.Qxa5 Nxa5 18.Bg5 e6 19.Bxb7 Nxb7 20.b4 f6 21.Rxd7 fxg5 22.Rxb7 g4
23.Nd2 Rxf2 24.Rf1 Rxf1+ 25.Nxf1 a5 26.c6 axb4 27.c7 Be5 28.Kb1 Rc8 29.Rxb5 Bxc7
30.Rc5 Rf8 31.Ne3 Bb6 32.Re5 Bxe3 33.Rxe3 Rf1+ 34.Kb2 Rf2+ 35.Kb3 Rxg2 36.Rg3 Rxg3+
37.hxg3 h5  0-1

[Event "Mlada Boleslav op"]
[Site "Mlada Boleslav"]
[Date "1994.??.??"]
[Round "3"]
[White "Hladik, Lumir"]
[Black "Bagaturov, Giorgi"]
[Result "0-1"]
[WhiteElo "2175"]
[BlackElo "2500"]

1.d4 Nf6 2.Bg5 d5 3.Bxf6 exf6 4.e3 c6 5.Bd3 Bd6 6.Qf3 Qb6 7.b3 a5 8.a3 Nd7
9.Ne2 Nf8 10.Nf4 Ne6 11.Nxe6 Bxe6 12.O-O c5 13.dxc5 Qxc5 14.a4 Be5 15.Bb5+ Ke7
16.Ra2 Qb4 17.c4 Rab8 18.Rd2 Rhc8 19.Rfd1 dxc4 20.Rd7+ Kf8 21.Bxc4 Bxd7 22.Qh5 Rxc4
23.bxc4 Bxa4  0-1

[Event "Montevideo"]
[Site "Montevideo"]
[Date "1994.??.??"]
[Round "8"]
[White "Del Rey, Diego"]
[Black "Soppe, Guillermo"]
[Result "1/2-1/2"]
[WhiteElo "2400"]
[BlackElo "2430"]

1.d4 Nf6 2.Bg5 d5 3.Bxf6 exf6 4.Nf3 c6 5.e3 Bd6 6.c4 dxc4 7.Bxc4 O-O 8.Nc3 Bg4
9.h3 Bc8 10.e4 Nd7 11.O-O Nb6 12.Bd3 c5 13.Nb5 cxd4 14.Nbxd4 Be5 15.Be2 Qe7
16.Qd2 Bd7 17.Qe3 Rfe8 18.Nxe5 Qxe5 19.Rfd1 Rac8 20.Qa3 Qb8 21.Bd3 g6 22.Rac1 Rcd8
23.Bb1 Kg7 24.Qa5 Rc8 25.b3 Rxc1 26.Rxc1 Qe5 27.Qd2 Rc8 28.Rd1  1/2-1/2

[Event "Moravia-ch op"]
[Site "Moravia"]
[Date "1994.??.??"]
[Round "?"]
[White "Pisk, Petr"]
[Black "Jurasek, Miroslav"]
[Result "1/2-1/2"]
[WhiteElo "2260"]
[BlackElo "2350"]

1.d4 Nf6 2.Bg5 d5 3.Nf3 e6 4.e3 c5 5.c4 Be7 6.Nc3 cxd4 7.exd4 Ne4 8.Bxe7 Qxe7
9.Rc1 O-O 10.cxd5 Nxc3 11.Rxc3 exd5+ 12.Be2 Nc6 13.O-O Bg4 14.Re3 Qf6 15.Ne5 Bxe2
16.Rxe2 Nxe5  1/2-1/2

[Event "Moscow op"]
[Site "Moscow"]
[Date "1994.??.??"]
[Round "2"]
[White "Granovski, Aleksandar"]
[Black "Moskalenko, Viktor"]
[Result "1/2-1/2"]
[WhiteElo "2285"]
[BlackElo "2535"]

1.d4 Nf6 2.Bg5 d5 3.Nd2 c6 4.e3 Qb6 5.Qc1 Bf5 6.Ngf3 Nbd7 7.Bd3 Bg6 8.Ne5 Nxe5
9.dxe5 Nd7 10.Bxg6 hxg6 11.e6 fxe6 12.O-O e5 13.c4 e6 14.Qc2 e4 15.f3 Bd6
16.h4 Be7 17.Rae1 Bxg5 18.hxg5 Qc7 19.fxe4 Qh2+ 20.Kf2 O-O+ 21.Ke2 Ne5 22.exd5 exd5
23.cxd5 Qxg2+ 24.Kd1 Qxd5 25.Qb3 Qxb3+ 26.Nxb3 Rxf1 27.Rxf1 Nc4 28.Rf4 Nxe3+
29.Kd2 Nd5 30.Re4 Rd8 31.Kc2 b6 32.Nd4 Nb4+ 33.Kb3 c5 34.Ne6 Rd6 35.a3 Nc6
36.Kc4 Rd2 37.Rf4 Nd4 38.Rf8+ Kh7 39.Nd8 Nf3 40.Nf7 Nxg5 41.Nxg5+ Kh6 42.Nf7+ Kh5
43.b4 cxb4  1/2-1/2

[Event "Moscow ol (Men)"]
[Site "Moscow"]
[Date "1994.??.??"]
[Round "2"]
[White "Lputian, Smbat G"]
[Black "Vescovi, Giovanni"]
[Result "1-0"]
[WhiteElo "2590"]
[BlackElo "2455"]

1.d4 Nf6 2.Bg5 d5 3.e3 c6 4.Bd3 Bg4 5.f3 Bh5 6.Ne2 Nbd7 7.O-O Bg6 8.c4 Bxd3
9.Qxd3 dxc4 10.Qxc4 e6 11.Nbc3 Be7 12.e4 O-O 13.Be3 Rc8 14.Rfd1 b5 15.Qd3 b4
16.Na4 Qa5 17.b3 c5 18.Rac1 cxd4 19.Nxd4 Qh5 20.Rxc8 Rxc8 21.Qa6 Re8 22.Nc6 Bf8
23.Qxa7 Qb5 24.Nd4 Qe5 25.Bf2 Qg5 26.Ne2 Rc8 27.Qe3 Qb5 28.Nd4 Qh5 29.Rc1 Re8
30.Ne2 Bd6 31.Bg3 Bf8 32.Rc7 Qb5 33.Nd4 Qa5 34.Nc6 Qb5 35.Na7 Qa5 36.Nc6 Qa6
37.Qd4 e5 38.Qc4 Qxc4 39.bxc4 Ra8 40.Ra7  1-0

[Event "Moscow ol (Men)"]
[Site "Moscow"]
[Date "1994.??.??"]
[Round "3"]
[White "Landenbergue, Claude"]
[Black "Savva, Panikos"]
[Result "1-0"]
[WhiteElo "2450"]
[BlackElo "2210"]

1.d4 Nf6 2.Bg5 g6 3.Bxf6 exf6 4.e3 Bg7 5.g3 d5 6.Bg2 O-O 7.Ne2 c6 8.O-O Nd7
9.Nd2 f5 10.c4 dxc4 11.Nxc4 Nb6 12.Na5 Nd5 13.Qd2 Re8 14.Rac1 Qd6 15.Rfd1 Rb8
16.Nc4 Qd8 17.b4 Be6 18.a3 Nb6 19.Na5 Bd5 20.Bxd5 Nxd5 21.Nc3 Nxc3 22.Qxc3 Bf8
23.Qb3 Re6 24.d5 cxd5 25.Rxd5 Rd6 26.Rcd1 Rxd5 27.Rxd5 Qc7 28.Qd1 b6 29.Rd7 Qc3
30.Qd5 Qa1+ 31.Kg2 Qf6 32.Nc6 Re8 33.Rxa7 Rc8 34.Ne5 Qe6 35.Qxe6 fxe6 36.Nd7  1-0

[Event "Moscow ol (Men)"]
[Site "Moscow"]
[Date "1994.??.??"]
[Round "3"]
[White "Hodgson, Julian M"]
[Black "Upton, Timothy J"]
[Result "1-0"]
[WhiteElo "2580"]
[BlackElo "2265"]

1.d4 d5 2.Bg5 Nf6 3.Bxf6 exf6 4.e3 Be7 5.g3 O-O 6.Bg2 c6 7.Nd2 Be6 8.Ne2 Nd7
9.O-O f5 10.c4 Nf6 11.Nf4 Qd7 12.Rc1 g5 13.Nd3 Ne4 14.Ne5 Qd6 15.f3 Nxd2
16.Qxd2 Bf6 17.f4 g4 18.cxd5 Bxd5 19.Bxd5 Qxd5 20.Rc5 Qe6 21.h3 Be7 22.Rc2 f6
23.Nd3 h5 24.Ne1 Rfe8 25.Ng2 Bf8 26.hxg4 hxg4 27.Qd3 Rad8 28.Qb3 Qxb3 29.axb3 Rd5
30.Kf2 Red8 31.Rd1 Rb5 32.Rc3 Rdd5 33.Ke2 a5 34.Kd3 Rb6 35.Kc2 Rdb5 36.Ra1 Bb4
37.Rd3 Rd5 38.Rh1 Bf8 39.Rh5 Rdb5 40.Nh4 a4 41.Nxf5 axb3+ 42.Kb1 Ra6 43.e4 b6
44.e5 c5 45.e6 Ra7 46.dxc5 bxc5 47.Rd8 Rba5 48.Rxf8+ Kxf8 49.Rh8+  1-0

[Event "Moscow ol (Men)"]
[Site "Moscow"]
[Date "1994.??.??"]
[Round "4"]
[White "Lputian, Smbat G"]
[Black "Wang Zili"]
[Result "1/2-1/2"]
[WhiteElo "2590"]
[BlackElo "2505"]

1.d4 Nf6 2.Bg5 c5 3.d5 Qb6 4.Nc3 d6 5.e4 g6 6.Bb5+ Bd7 7.a4 Bg7 8.Nf3 a6
9.a5 Qc7 10.Be2 b5 11.axb6 Qxb6 12.Ra2 h6 13.Bd2 O-O 14.e5 Ng4 15.exd6 exd6
16.O-O Nf6 17.Be3 Qb4 18.Qc1 Kh7 19.Nd2 Ng4 20.Bxg4 Qxg4 21.Nde4 Bb5 22.Re1 Nd7
23.h3 Qh5 24.Nxb5 axb5 25.Rxa8 Rxa8 26.Nxd6 Qxd5 27.Nxb5 Qc6 28.Nc3 Ne5 29.Nd1 Qb5
30.Qd2 Ra1 31.b3 c4 32.b4 c3 33.Nxc3 Rxe1+ 34.Qxe1 Qxb4 35.Kf1 Qe7 36.Kg1 Qb4
37.Kf1 Qc4+  1/2-1/2

[Event "Moscow ol (Men)"]
[Site "Moscow"]
[Date "1994.??.??"]
[Round "4"]
[White "Benjamin, Joel"]
[Black "Tisdall, Jonathan D"]
[Result "1/2-1/2"]
[WhiteElo "2610"]
[BlackElo "2465"]

1.d4 Nf6 2.Bg5 d5 3.Nd2 Nbd7 4.Ngf3 g6 5.e3 Bg7 6.c4 O-O 7.cxd5 Nxd5 8.Bc4 N5b6
9.Bb3 c5 10.O-O cxd4 11.exd4 Nf6 12.Re1 Bf5 13.Qe2 Nbd5 14.Ne5 a5 15.Ndf3 a4
16.Bc4 Qd6 17.a3 Nb6 18.Ba2 Nfd5 19.Rac1 Be6 20.Bd2 Nf4 21.Bxf4 Bxa2 22.Nd3 Qe6
23.Qd2 Qf5 24.Rc5 Nd5 25.Be5 f6 26.Bg3 b6 27.Rcc1 Rf7 28.Nb4 Bb3 29.h3 Bf8
30.Nc2 e6 31.Nh2 b5 32.Ng4 Rd8 33.Nce3 Nxe3 34.fxe3 Qe4 35.Rc7 Bg7 36.Rxf7 Kxf7
37.Rc1 Bc4 38.Qf2 Qf5 39.Qe1 h5 40.e4 Qg5 41.Bh4 Qf4 42.Bg3 Qg5 43.Bh4  1/2-1/2

[Event "Moscow op"]
[Site "Moscow"]
[Date "1994.??.??"]
[Round "5"]
[White "Vlassov, Nikolai"]
[Black "Rychagov, Andrei"]
[Result "0-1"]
[WhiteElo "2390"]
[BlackElo "2295"]

1.d4 d5 2.Bg5 Nf6 3.Nc3 Nbd7 4.Nf3 g6 5.e3 Bg7 6.Bd3 c5 7.Ne5 O-O 8.Qf3 cxd4
9.exd4 Qb6 10.O-O-O Nxe5 11.dxe5 Bg4 12.Qf4 Bxd1 13.exf6 exf6 14.Nxd5 fxg5
15.Nxb6 gxf4 16.Nxa8 Bg4 17.Nc7 f3 18.g3 Bd4 19.Nd5 Bh3 20.Nf4 Bg4 21.h3 Bc8
22.Rh2 Re8 23.c3 Bc5 24.b4 Bd6 25.Kd2 a5 26.a3 Be5 27.Rh1 Rd8 28.Kc2 Bd7
29.b5 Bd6 30.a4 Bc5 31.Rh2 Kg7 32.Be4 Re8 33.Bxf3 Bf5+ 34.Kd2 b6 35.Bc6 Re5
36.g4 Be4 37.Nd3 Bxd3 38.Kxd3 Re1 39.Bd5 Rd1+ 40.Ke4 Re1+ 41.Kd3 Rd1+ 42.Ke4 Ra1
43.Bb3 Ra3 44.Bc2 Rxc3 45.f4 Rc4+ 46.Ke5 Be3 47.Re2 Bxf4+ 48.Kd5 Rc3 49.h4 Bg3
50.h5 gxh5 51.gxh5 Rc5+ 52.Ke4 Rxh5 53.Rg2 Rg5 54.Kf3 Bf4 55.Rxg5+ Bxg5 56.Kg4 Bd2
57.Bd3 h6 58.Bc2 Kf6 59.Bb3 Ke7 60.Bc2 f6 61.Bb3 Bg5 62.Bc2 Ke6 63.Bg6 Ke5
64.Bc2 Bd2 65.Bg6 f5+ 66.Kf3 Kf6 67.Be8 Kg5 68.Bf7 h5 69.Bc4 Kf6 70.Bf1 Ke5
71.Bh3 h4 72.Ke2 Bc1 73.Kf3 Bg5 74.Bf1 Kd4 75.Be2 Bd8 76.Kf4 Bc7+ 77.Kxf5 h3
78.Kg4 h2 79.Bf3 Ke3  0-1

[Event "Moscow ol (Men)"]
[Site "Moscow"]
[Date "1994.??.??"]
[Round "5"]
[White "Da Silva, Reinaldo SB"]
[Black "Blatny, Pavel"]
[Result "0-1"]
[WhiteElo "2395"]
[BlackElo "2485"]

1.d4 Nf6 2.Bg5 d5 3.e3 e6 4.Nd2 Nbd7 5.Ngf3 c5 6.c3 Qc7 7.Bd3 c4 8.Bc2 b5
9.e4 dxe4 10.Nxe4 Bb7 11.Qe2 Bd5 12.O-O Qc6 13.Rfe1 h6 14.Bf4 a5 15.Ne5 Nxe5
16.Bxe5 Nd7 17.Bg3 Be7 18.Qh5 g6 19.Qd1 f5 20.f3 Kf7 21.b3 Rac8 22.Re3 g5
23.Be1 Rhg8 24.Nf2 Bd6 25.bxc4 bxc4 26.Nh3 Nf6 27.Re2 Qc7 28.Bg3 Bxg3 29.hxg3 Qxg3
30.Qe1 Qxe1+ 31.Raxe1 Rb8 32.Rb1 Bc6 33.Nf2 Nd5 34.Rxb8 Rxb8 35.Nd1 Kf6 36.Kf2 h5
37.g3 Be8 38.Re5 Bc6 39.Re1 f4 40.gxf4 Nxf4 41.Re5 Bd5 42.Re1 Nd3+ 43.Bxd3 cxd3
44.Ke3 Rb1 45.Kd2 Bxf3  0-1

[Event "Moscow ol (Women)"]
[Site "Moscow"]
[Date "1994.??.??"]
[Round "6"]
[White "Zaitseva, Ludmila G"]
[Black "Bojkovic, Natasa"]
[Result "0-1"]
[WhiteElo "2365"]
[BlackElo "2440"]

1.d4 Nf6 2.Bg5 c5 3.Bxf6 gxf6 4.d5 Qb6 5.Qc1 f5 6.e3 Bg7 7.c3 e6 8.Bc4 Qd6
9.Qd2 b5 10.Bxb5 Bb7 11.c4 exd5 12.Nc3 d4 13.Nge2 O-O 14.exd4 cxd4 15.Nd5 a6
16.Ba4 Bxd5 17.cxd5 d3 18.Nc3 Re8+ 19.Kf1 a5 20.Qxd3 Qb4 21.Bb3 a4 22.Qc4 Qxc4+
23.Bxc4 a3 24.Re1 Rc8 25.Bb3 axb2 26.Nb1 Na6 27.g3 Nc5 28.Bc2 Ne4 29.Bd3 d6
30.f3 Nc3 31.Kg2 Nxa2  0-1

[Event "Moscow op"]
[Site "Moscow"]
[Date "1994.??.??"]
[Round "7"]
[White "Granovski, Aleksandar"]
[Black "Turov, Maxim"]
[Result "0-1"]
[WhiteElo "2285"]
[BlackElo "2490"]

1.d4 Nf6 2.Bg5 d5 3.Nd2 c6 4.e3 Bf5 5.Bd3 Bg6 6.Ngf3 Nbd7 7.Ne5 Bh5 8.f3 Nxe5
9.dxe5 Nd7 10.g4 Bg6 11.Bxg6 hxg6 12.e6 fxe6 13.c4 Ne5 14.Qc2 Qa5 15.Ke2 Rd8
16.Bf4 Nf7 17.Qxg6 e5 18.Bg3 Rh6 19.Qc2 Re6 20.Nb3 Qb6 21.cxd5 cxd5 22.Rhc1 g6
23.Nc5 Rc6 24.Qa4 Rc8 25.Rc2 Kd8 26.b4 e6 27.Rac1 Bxc5 28.bxc5 Rxc5 29.Be1 Rxc2+
30.Rxc2 Rxc2+  0-1

[Event "Moscow ol (Men)"]
[Site "Moscow"]
[Date "1994.??.??"]
[Round "7"]
[White "Miladinovic, Igor"]
[Black "Lin Weiguo"]
[Result "1-0"]
[WhiteElo "2500"]
[BlackElo "2470"]

1.d4 Nf6 2.Bg5 g6 3.Bxf6 exf6 4.e3 Bg7 5.g3 O-O 6.Bg2 d6 7.Ne2 c6 8.c4 Nd7
9.Nbc3 f5 10.O-O Re8 11.b4 Nb6 12.c5 Nc4 13.Qd3 d5 14.Nf4 Be6 15.a4 g5 16.Nxe6 fxe6
17.Ne2 Qd7 18.f4 gxf4 19.gxf4 b6 20.Rac1 Rab8 21.Rb1 bxc5 22.bxc5 Qc7 23.e4 Kh8
24.Rxb8 Rxb8 25.exf5 exf5 26.Ng3 Qf7 27.Kh1 Rb2 28.Re1 Qg8 29.Qxf5 Bxd4 30.Qd7 Ne3
31.Qxc6 Ng4 32.Re8 Nf2+ 33.Kg1 Ne4+ 34.Kh1 Nf2+ 35.Kg1 Ng4+ 36.Kf1 Ne3+ 37.Rxe3 Bxe3
38.Qf6+ Qg7 39.Qxg7+ Kxg7 40.Nf5+ Kf6 41.Nxe3 d4 42.Nd5+ Ke6 43.c6  1-0

[Event "Moscow ol (Women)"]
[Site "Moscow"]
[Date "1994.??.??"]
[Round "7"]
[White "Gurieli, Nino"]
[Black "Peptan, Corina"]
[Result "1-0"]
[WhiteElo "2395"]
[BlackElo "2255"]

1.d4 Nf6 2.Bg5 d5 3.Bxf6 exf6 4.e3 c6 5.Bd3 Bd6 6.Ne2 f5 7.O-O O-O 8.Nd2 Be6
9.c4 dxc4 10.Nxc4 Bc7 11.Qc2 Qg5 12.f4 Qe7 13.Ng3 g6 14.Rae1 Nd7 15.e4 fxe4
16.Nxe4 Bxc4 17.Bxc4 Bb6 18.f5 Bxd4+ 19.Kh1 Qh4 20.fxg6 hxg6 21.Nd6 Be5 22.g3 Qh5
23.Nxf7 Kg7 24.Qd1 Rae8 25.Qxd7 Bxg3 26.Ne5+ Kh8 27.Rxf8+ Rxf8 28.Nxg6+ Qxg6
29.Qh3+  1-0

[Event "Moscow ol (Men)"]
[Site "Moscow"]
[Date "1994.??.??"]
[Round "7"]
[White "Adams, Michael"]
[Black "Almasi, Zoltan"]
[Result "1/2-1/2"]
[WhiteElo "2640"]
[BlackElo "2620"]

1.d4 Nf6 2.Bg5 d5 3.Bxf6 exf6 4.e3 Bd6 5.g3 c6 6.Nd2 O-O 7.Bg2 f5 8.Ne2 Nd7
9.O-O Nf6 10.c4 dxc4 11.Nxc4 Bc7 12.Nc3 Be6 13.Qe2 Qe7 14.a3 Rad8 15.b4 a6
16.Rab1 Rfe8 17.Rfc1 h5 18.Nd2 h4 19.Nf3 hxg3 20.hxg3 Nd5 21.Rb2 a5 22.Nxd5 Bxd5
23.Qd2 axb4 24.axb4 g6 25.Ne1 Bxg2 26.Nxg2 Rd5 27.Rc5 Qe6 28.Rxd5 Qxd5 29.b5 cxb5
30.Qc2 Ra8 31.Rxb5 Ra1+ 32.Kh2 Qe4 33.Qb2 Rf1 34.Qe2 Rc1 35.Rc5 Rxc5 36.dxc5 Be5
37.Nf4 Bxf4  1/2-1/2

[Event "Moscow ol (Men)"]
[Site "Moscow"]
[Date "1994.??.??"]
[Round "7"]
[White "Abdulla, Al Rakib"]
[Black "Martin, David"]
[Result "1/2-1/2"]
[WhiteElo "2130"]
[BlackElo "2045"]

1.d4 Nf6 2.Bg5 c5 3.Bxf6 gxf6 4.d5 Qb6 5.Qc1 f5 6.g3 Bg7 7.c3 e5 8.Bh3 d6
9.Nf3 Na6 10.Nh4 Nc7 11.Bxf5 Nxd5 12.Bxc8 Rxc8 13.Nf5 Bf8 14.Qd2 Qc6 15.O-O Nb6
16.Qg5 Qd7 17.Nd2 Qe6 18.Ne4 h6 19.Qg4 Rc6 20.Ng7+ Bxg7 21.Qxg7 Rf8 22.Nf6+ Ke7
23.Ng8+ Ke8 24.Nf6+  1/2-1/2

[Event "Moscow ol (Women)"]
[Site "Moscow"]
[Date "1994.??.??"]
[Round "7"]
[White "Wilman, Carey"]
[Black "Sekulovska, Vesna"]
[Result "1/2-1/2"]
[WhiteElo "2070"]
[BlackElo "2055"]

1.d4 Nf6 2.Bg5 d5 3.Bxf6 exf6 4.e3 Be6 5.Bd3 c6 6.c3 Bd6 7.Nd2 f5 8.Qf3 g6
9.h4 Nd7 10.Ne2 Nf6 11.Nf4 Qe7 12.Qe2 Ne4 13.g3 O-O-O 14.O-O-O Kb8 15.Kb1 f6
16.Nxe6 Qxe6 17.Rhe1 Rhe8 18.Ka1  1/2-1/2

[Event "Moscow ol (Men)"]
[Site "Moscow"]
[Date "1994.??.??"]
[Round "9"]
[White "Nilssen, John Arni"]
[Black "Carless, David"]
[Result "1/2-1/2"]
[WhiteElo "2235"]
[BlackElo "2265"]

1.d4 Nf6 2.Bg5 d5 3.Bxf6 exf6 4.e3 Bd6 5.c4 dxc4 6.Bxc4 O-O 7.Nf3 Nd7 8.Nc3 f5
9.O-O Nf6 10.Qb3 a6 11.a4 Qe7 12.Nd5 Nxd5 13.Bxd5 Re8 14.Rfd1 Rb8 15.a5 Bd7
16.Rac1 Bb5 17.Bc4 Bxc4 18.Qxc4 f4 19.exf4 Bxf4 20.Re1 Qf6 21.Rcd1 Rbd8 22.Qb3 Rxe1+
23.Rxe1 Qc6 24.g3 Bd6 25.Ng5 Rf8 26.Ne4 Rb8 27.Ng5 Rf8  1/2-1/2

[Event "Moscow ol (Men)"]
[Site "Moscow"]
[Date "1994.??.??"]
[Round "10"]
[White "Sokolovs, Andrei"]
[Black "Agdestein, Espen"]
[Result "1/2-1/2"]
[WhiteElo "2520"]
[BlackElo "2330"]

1.d4 Nf6 2.Bg5 d5 3.Nd2 Nbd7 4.e3 g6 5.Bd3 Bg7 6.Ngf3 O-O 7.O-O c5 8.c3 b6
9.h3 Bb7 10.Bf4 Ne4 11.Qe2 Nxd2 12.Qxd2 e6 13.Qe2 Qe7 14.Rad1 e5 15.dxe5 Nxe5
16.Bxe5 Bxe5 17.Ba6 Bc6 18.Bb5 Bb7 19.Ba6 Bc6  1/2-1/2

[Event "Moscow ol (Men)"]
[Site "Moscow"]
[Date "1994.??.??"]
[Round "11"]
[White "David, Alberto"]
[Black "Hernandez, Gilberto"]
[Result "0-1"]
[WhiteElo "2425"]
[BlackElo "2510"]

1.d4 Nf6 2.Bg5 c5 3.Bxf6 gxf6 4.d5 Qb6 5.Qc1 Bg7 6.e3 f5 7.c3 d6 8.Ne2 Nd7
9.Nf4 Nf6 10.Bc4 Bd7 11.O-O O-O 12.a4 Rae8 13.a5 Qc7 14.Qd1 Kh8 15.Nh5 Rg8
16.Nd2 e5 17.Nxf6 Bxf6 18.f4 Rg6 19.Be2 b5 20.axb6 axb6 21.fxe5 Bxe5 22.Bd3 Qd8
23.Nf3 Bf6 24.Qc2 Rxe3 25.Bxf5 Bxf5 26.Qxf5 Re2 27.Rf2 Qe8 28.Kf1 Rxf2+ 29.Kxf2 Qb5
30.Qc2 Qc4 31.Qd2 b5 32.g3 Kg7 33.Ra8 b4 34.cxb4 cxb4 35.Rb8 Rg4 36.h3 Qc5+
37.Kg2 Rc4 38.Ne1  0-1

[Event "Moscow ol (Men)"]
[Site "Moscow"]
[Date "1994.??.??"]
[Round "12"]
[White "Sosa, Leonardo"]
[Black "Akintola, Fola"]
[Result "1-0"]
[WhiteElo "2245"]
[BlackElo "2340"]

1.d4 Nf6 2.Bg5 d5 3.Nf3 Bf5 4.e3 e6 5.Nbd2 Be7 6.c4 O-O 7.Be2 h6 8.Bh4 Nbd7
9.O-O c6 10.Qb3 b6 11.Rfc1 c5 12.Bg3 a6 13.a4 a5 14.Rd1 Bg6 15.Ne5 Nxe5 16.dxe5 Nh5
17.Bf3 Nxg3 18.hxg3 Qc7 19.cxd5 exd5 20.Bxd5 Rab8 21.Nc4 Kh8 22.Rd2 f6 23.e6 Be8
24.Na3 f5 25.Rad1 Qe5 26.Nc4 Qf6 27.Na3 h5 28.Nb5 Bd8 29.Nd6 Bc7 30.Nf7+ Kh7
31.f4 Bxf7 32.exf7 h4 33.gxh4 Qxh4 34.g3 Qf6 35.Rh2+ Kg6 36.g4 Qe7 37.gxf5+ Kxf5
38.e4+ Kxf4 39.Rf1+ Kg5 40.Rf5+  1-0

[Event "Moscow ol (Men)"]
[Site "Moscow"]
[Date "1994.??.??"]
[Round "13"]
[White "Sokolovs, Andrei"]
[Black "Zagrebelny, Sergey"]
[Result "1/2-1/2"]
[WhiteElo "2520"]
[BlackElo "2515"]

1.d4 Nf6 2.Bg5 d5 3.Bxf6 exf6 4.e3 Be6 5.Bd3 f5 6.Qf3 g6 7.h4 h5 8.Ne2 Nd7
9.Nf4 c6 10.c4 Qa5+ 11.Nc3 Bb4 12.O-O dxc4 13.Nxe6 cxd3 14.Nf4 O-O 15.Rab1 Rab8
16.Rfd1 Bxc3 17.bxc3 Qxc3 18.Nxh5 gxh5 19.Qxf5 Rfd8 20.Rxb7 d2 21.Kh2 a5
22.g3 a4 23.Rdb1 Rxb7  1/2-1/2

[Event "Moscow ol (Men)"]
[Site "Moscow"]
[Date "1994.??.??"]
[Round "13"]
[White "Fernandes, Antonio"]
[Black "Mannion, Stephen R"]
[Result "0-1"]
[WhiteElo "2425"]
[BlackElo "2355"]

1.d4 Nf6 2.Bg5 d5 3.Bxf6 exf6 4.c4 dxc4 5.Qa4+ c6 6.Qxc4 Bd6 7.e3 O-O 8.Bd3 Qa5+
9.Nd2 Na6 10.Nf3 Be6 11.Qc3 Nb4 12.O-O Qh5 13.Ne4 Nd5 14.Qd2 Bc7 15.Ng3 Qh6
16.Rfc1 Rfe8 17.b4 a6 18.a4 Bd6 19.Rab1 g6 20.Ne4 Bc7 21.Bc4 g5 22.Ng3 g4
23.Ne1 f5 24.Nd3 f4 25.exf4 Nxf4 26.Kh1 Bxc4 27.Rxc4 Qg6 28.Rc3 h5 29.Rd1 Nd5
30.Rcc1 h4 31.Nf1 h3 32.Re1 hxg2+ 33.Kxg2 Qxd3 34.Qg5+ Qg6 35.Qh4 Nf4+ 36.Kh1 Nd3
37.Ne3 Nxe1 38.Rxe1 f5 39.Kg1 Kf7 40.Nxf5 Qxf5  0-1

[Event "Moscow ol (Men)"]
[Site "Moscow"]
[Date "1994.??.??"]
[Round "14"]
[White "Abdulla, Al Rakib"]
[Black "Situru, Nathanael"]
[Result "0-1"]
[WhiteElo "2130"]
[BlackElo "2415"]

1.d4 Nf6 2.Bg5 c5 3.Bxf6 gxf6 4.d5 Qb6 5.Qc1 h5 6.c3 d6 7.Nd2 Nd7 8.Ngf3 Ne5
9.Nxe5 fxe5 10.e4 Bh6 11.Qc2 Bd7 12.O-O-O O-O-O 13.Kb1 Rdg8 14.g3 h4 15.Be2 Bg5
16.Nc4 Qc7 17.f4 exf4 18.gxf4 Bxf4 19.Rdf1 Bg5 20.Rxf7 b5 21.Na3 a6 22.Rf2 h3
23.Qd3 Bh4 24.Rf4 Rg2 25.Nc2 Bg5 26.Rff1 Rg8 27.Ne3 c4 28.Nxc4 bxc4 29.Qxc4 Qxc4
30.Bxc4 Kb7  0-1

[Event "Moscow ol (Men)"]
[Site "Moscow"]
[Date "1994.??.??"]
[Round "14"]
[White "Lputian, Smbat G"]
[Black "Alterman, Boris"]
[Result "1/2-1/2"]
[WhiteElo "2590"]
[BlackElo "2585"]

1.d4 Nf6 2.Bg5 c5 3.d5 g6 4.Nc3 Bg7 5.e4 h6 6.Bd2 d6 7.h3 O-O 8.Nf3 e6 9.Be2 exd5
10.exd5 Bf5 11.Qc1 g5 12.h4 g4 13.Nh2 h5 14.Bh6 Bg6 15.Bxg7 Kxg7 16.Nf1 Nbd7
17.Ng3 Re8 18.Qd2 a6 19.O-O-O b5 20.Bd3 Re5 21.f4 gxf3 22.gxf3 b4 23.Nce2 Qa5
24.Kb1 c4 25.Bxg6 c3 26.Qd4 fxg6 27.Nf4 Nc5 28.Rhg1 Kf7 29.Nxg6 Rxd5 30.Qe3 Re8
31.Nh8+ Rxh8 32.Rxd5 b3 33.axb3 Nxd5 34.Qg5 Nb4 35.Qf5+ Ke7 36.Re1+ Kd8 37.Qf6+ Kc7
38.Qxc3 Rd8 39.Re4 Qa2+ 40.Kc1 Nd5 41.Qc4 Nb6 42.Re7+ Rd7 43.Rxd7+ Nxd7 44.Qc3 Kb8
45.b4 Qg8 46.bxc5 Qxg3 47.cxd6 Qf4+ 48.Kb1 Qxd6 49.Qh8+ Kc7 50.Qxh5 Qd1+
51.Ka2 Qxc2 52.Qa5+ Kb7  1/2-1/2

[Event "Muenster op"]
[Site "Muenster"]
[Date "1994.??.??"]
[Round "9"]
[White "Eilers, Stefan"]
[Black "Grosse Kloenne, Elmar"]
[Result "1/2-1/2"]
[WhiteElo "2265"]
[BlackElo "2295"]

1.d4 Nf6 2.Bg5 g6 3.Bxf6 exf6 4.e3 d5 5.c4 c6 6.Nc3 dxc4 7.Bxc4 Bd6 8.a4 a5
9.Qc2 Na6 10.Nge2 f5 11.O-O O-O 12.f4 Qe7 13.Rf3 Nb4 14.Qd2 Be6 15.Bxe6  1/2-1/2

[Event "Munich Express"]
[Site "Munich"]
[Date "1994.??.??"]
[Round "?"]
[White "Lobron, Eric"]
[Black "Leko, Peter"]
[Result "0-1"]
[WhiteElo "2570"]
[BlackElo "2545"]

1.d4 Nf6 2.Bg5 c5 3.Bxf6 gxf6 4.d5 Qb6 5.Qc1 f5 6.g3 Bg7 7.c3 Na6 8.Bg2 Nc7
9.Nh3 Qd6 10.Nf4 Bh6 11.c4 Bxf4 12.gxf4 Qf6 13.Nc3 d6 14.Bf3 Bd7 15.a3 b5
16.b3 Rb8 17.Qc2 bxc4 18.bxc4 Qd4 19.e3 Qxc4 20.Be2 Qb3 21.Qd2 Qb2 22.Rb1 Qxd2+
23.Kxd2 O-O 24.Bc4 Kg7 25.Rbg1+ Kf6 26.Kc2 Rg8 27.Rg3 Rg6 28.Rhg1 Na8 29.h4 Nb6
30.Bb3 a5 31.h5 Rxg3 32.fxg3 e6 33.e4 fxe4 34.Nxe4+ Ke7 35.dxe6 fxe6 36.Re1 c4
37.Ba2 d5 38.Ng5 h6 39.Nf3 Kf6 40.Ne5 Be8 41.g4 Na4 42.Rb1 Rxb1 43.Bxb1 Nc5
44.Kc3 Na4+  0-1

[Event "New York op"]
[Site "New York"]
[Date "1994.??.??"]
[Round "4"]
[White "Hoffmann, A."]
[Black "Zlotnikov, Mikhail"]
[Result "1-0"]
[WhiteElo "2260"]
[BlackElo "2435"]

1.d4 Nf6 2.Bg5 g6 3.Bxf6 exf6 4.e3 Bg7 5.c4 O-O 6.Nc3 d6 7.Bd3 Nd7 8.Nge2 c6
9.h4 f5 10.h5 Nf6 11.Nf4 Qe7 12.Qf3 Bd7 13.O-O-O Rfe8 14.hxg6 fxg6 15.Qh3 Qf7
16.Qh4 Re7 17.Nh3 Bf8 18.Qg3 Qg7 19.Ng5 Rae8 20.Qxd6 h6 21.Nf3 Ne4 22.Bxe4 fxe4
23.Nd2 Rf7 24.Qg3 Bf5 25.c5 b6 26.Nc4 bxc5 27.dxc5 Bxc5 28.Nd6 Bxd6 29.Rxd6 Re6
30.Rhd1 Kh7 31.Rxe6 Bxe6 32.Rd6 Bd5 33.a3 Rd7 34.Ne2 Bc4 35.Nc3 Bd5 36.Rxd7 Qxd7
37.Qe5 Qf7 38.Qf4 Qe7 39.Kd2 Qb7 40.Kc1 Qe7 41.Qh2 Kg7 42.Qg1 h5 43.Qd1 Qf7
44.Qd2 Kh6 45.Kd1 Qf5 46.Qe2 h4 47.Ke1 Qe6 48.Qf1 g5 49.Qh1 Kg6 50.Qh2 Bc4
51.Qc7 Bd3 52.Qd8 a6 53.f4 Qf6 54.Qxf6+ Kxf6 55.fxg5+ Kxg5 56.b4 Kf5 57.Kf2 Ke5
58.Kg1 Kd6 59.Kh2 c5 60.Kh3 cxb4 61.axb4 Bf1 62.Nxe4+ Kc6 63.Nc3 Kb6 64.e4 a5
65.Nd5+ Kb5 66.bxa5 Kxa5 67.Ne3 Bd3 68.e5 Kb6 69.Kxh4  1-0

[Event "JUG-chT"]
[Site "Nis"]
[Date "1994.??.??"]
[Round "?"]
[White "Lajthajm, Borko"]
[Black "Cvetkovic, Srdjan"]
[Result "1/2-1/2"]
[WhiteElo "2310"]
[BlackElo "2470"]

1.d4 Nf6 2.Bg5 d5 3.c3 e6 4.Nd2 Be7 5.e3 Nbd7 6.Ngf3 c5 7.Bd3 b6 8.O-O Bb7
9.Bxf6 Bxf6 10.Re1 O-O 11.a4 Qc7 12.Rc1 e5 13.dxe5 Nxe5 14.Nxe5 Bxe5 15.Nf3 Bf6
16.e4 dxe4 17.Bxe4 a6 18.Qc2 Bxe4 19.Rxe4 b5 20.Rd1 Rad8 21.axb5 axb5 22.Rxd8 Rxd8
23.b3 g6 24.c4 b4 25.g4 Qd7 26.Kg2 Kg7 27.h3 Bc3 28.Re3 Qd1 29.Qe4 Qxb3 30.Qe7 Rf8
31.Ng5 Kg8 32.Nxh7 Ra8 33.Qe4 Qa2 34.Rf3 Bd4 35.Nf6+ Kf8 36.Nd7+ Kg8 37.Nf6+ Kf8
38.Nd7+ Kg8 39.Nf6+  1/2-1/2